[Event "4NCL/Div4/CONQ2 vs. LMAO2"]
[Site "West Bromwich ENG"]
[Date "2006.12.02"]
[Round "3.1"]
[White "McFaul, Thomas"]
[Black "Wetherfield, Ben"]
[Result "1-0"]
[WhiteElo "1775"]
[BlackElo "1840"]
[PlyCount "65"]
[EventDate "2006.12.02"]
[EventType "team"]
[EventRounds "11"]
[EventCountry "ENG"]
[WhiteTeam "Conquistadors 2"]
[BlackTeam "London Mstrs 2"]

1. e4 e5 2. Nf3 Nc6 3. Bb5 a6 4. Ba4 Nf6 5. O-O Be7 6. Re1 b5 7. Bb3 O-O 8. c3
d5 9. exd5 Nxd5 10. Nxe5 Nxe5 11. Rxe5 c6 12. Bxd5 cxd5 13. d4 Bd6 14. Re1 Qh4
15. g3 Qh3 16. Qf3 Bf5 17. Qxd5 Rae8 18. Re3 Bf4 19. gxf4 Qg4+ 20. Qg2 Rxe3 21.
fxe3 Qd1+ 22. Qf1 Qg4+ 23. Kf2 Qh4+ 24. Ke2 Bg4+ 25. Kd3 Qh5 26. Nd2 Rc8 27.
Qf2 Be6 28. b3 Qd1 29. e4 Rxc3+ 30. Kxc3 b4+ 31. Kd3 Bd7 32. Ke3 Bb5 33. Nc4
1-0

[Event "4NCL/Div4/CONQ2 vs. LMAO2"]
[Site "West Bromwich ENG"]
[Date "2006.12.03"]
[Round "3.2"]
[White "Archer-Lock, Adrian"]
[Black "Wetherfield, Ben"]
[Result "0-1"]
[WhiteElo "1760"]
[BlackElo "1840"]
[PlyCount "50"]
[EventDate "2006.12.02"]
[EventType "team"]
[EventRounds "11"]
[EventCountry "ENG"]
[WhiteTeam "London Mstrs 2"]
[BlackTeam "Conquistadors 2"]

1. d4 Nf6 2. c4 g6 3. Nc3 d5 4. Nf3 Bg7 5. Bf4 O-O 6. e3 c5 7. Be2 cxd4 8. exd4
a6 9. O-O Nc6 10. Be3 dxc4 11. Bxc4 b5 12. Bb3 Na5 13. Bc2 Nc4 14. b3 Nxe3 15.
fxe3 Ng4 16. Qd2 Bb7 17. h3 Bxf3 18. Rxf3 Nxe3 19. Rxe3 Bxd4 20. Rae1 Rc8 21.
Kh1 Bxe3 22. Qxe3 b4 23. Rd1 Rxc3 24. Qe4 Qc7 25. Bd3 Rd8 0-1

[Event "4NCL/Div4/CONQ2 vs. LMAO2"]
[Site "West Bromwich ENG"]
[Date "2006.12.02"]
[Round "3.3"]
[White "Shaw, Dashiell"]
[Black "Sathiraju, Vijay"]
[Result "1/2-1/2"]
[WhiteElo "1750"]
[BlackElo "1750"]
[PlyCount "49"]
[EventDate "2006.12.02"]
[EventType "team"]
[EventRounds "11"]
[EventCountry "ENG"]
[WhiteTeam "Conquistadors 2"]
[BlackTeam "London Mstrs 2"]

1. e4 e6 2. d4 d5 3. exd5 exd5 4. Bd3 Bd6 5. Nf3 Bg4 6. O-O Ne7 7. h3 Bh5 8. c3
Nbc6 9. Re1 Qd7 10. Be3 O-O-O 11. b4 Rde8 12. Nbd2 f5 13. Bg5 f4 14. Qa4 Kb8
15. Bxe7 Rxe7 16. Bb5 Rhe8 17. Rxe7 Rxe7 18. Bxc6 Qxc6 19. Qxc6 bxc6 20. Kf1
Kc8 21. Re1 Kd7 22. Nb3 Bxf3 23. gxf3 Rxe1+ 24. Kxe1 Be7 25. Na5 1/2-1/2

[Event "4NCL/Div4/CONQ2 vs. LMAO2"]
[Site "West Bromwich ENG"]
[Date "2006.12.03"]
[Round "3.4"]
[White "Rigby-Zeglache, Elyes"]
[Black "O'Neill, Tom C"]
[Result "0-1"]
[WhiteElo "1705"]
[BlackElo "1690"]
[PlyCount "46"]
[EventDate "2006.12.02"]
[EventType "team"]
[EventRounds "11"]
[EventCountry "ENG"]
[WhiteTeam "London Mstrs 2"]
[BlackTeam "Conquistadors 2"]

1. e4 c5 2. d3 Nc6 3. g3 g6 4. Bg2 e5 5. c3 Bg7 6. f4 d6 7. Nf3 Bg4 8. Be3 Qb6
9. Qd2 Nh6 10. Na3 Be6 11. fxe5 Nxe5 12. Nxe5 dxe5 13. Bxh6 Bxh6 14. Qc2 O-O
15. Rf1 Rad8 16. h3 c4 17. Rf3 cxd3 18. Rxd3 Qg1+ 19. Bf1 Bxh3 20. Rf3 Bxf1 21.
Rxf1 Qxg3+ 22. Qf2 Bd2+ 23. Ke2 Qd3+ 0-1

[Event "4NCL/Div4/CONQ2 vs. LMAO2"]
[Site "West Bromwich ENG"]
[Date "2006.12.02"]
[Round "3.5"]
[White "Foster, Caroline"]
[Black "Graham, Henry"]
[Result "1/2-1/2"]
[WhiteElo "1490"]
[BlackElo "1570"]
[PlyCount "47"]
[EventDate "2006.12.02"]
[EventType "team"]
[EventRounds "11"]
[EventCountry "ENG"]
[WhiteTeam "Conquistadors 2"]
[BlackTeam "London Mstrs 2"]

1. d4 d6 2. Nf3 g6 3. e3 Bg7 4. Bd3 Nf6 5. Nbd2 O-O 6. O-O c6 7. Qe2 Nbd7 8. c3
Re8 9. Re1 e5 10. e4 c5 11. Nf1 Qc7 12. Ng3 Qb6 13. Be3 Ng4 14. b3 Nxe3 15.
fxe3 cxd4 16. exd4 exd4 17. c4 Ne5 18. Rf1 Nxf3+ 19. Qxf3 Be6 20. Rac1 Rac8 21.
c5 Rxc5 22. Bc4 Rf8 23. Bxe6 fxe6 24. Qg4 1/2-1/2

[Event "4NCL/Div4/CONQ2 vs. LMAO2"]
[Site "West Bromwich ENG"]
[Date "2006.12.03"]
[Round "3.6"]
[White "Winchcombe, Neil"]
[Black "Jelicic, Alexander"]
[Result "0-1"]
[WhiteElo "1565"]
[BlackElo "1530"]
[PlyCount "116"]
[EventDate "2006.12.02"]
[EventType "team"]
[EventRounds "11"]
[EventCountry "ENG"]
[WhiteTeam "London Mstrs 2"]
[BlackTeam "Conquistadors 2"]

1. e4 c5 2. d3 d6 3. Nc3 Nf6 4. h3 g6 5. Be2 Bg7 6. Bd2 O-O 7. Qc1 Nc6 8. Nf3
d5 9. O-O dxe4 10. Nxe4 Nxe4 11. dxe4 Nd4 12. Nxd4 Qxd4 13. Bf3 Qxb2 14. c3
Qxc1 15. Raxc1 Rd8 16. Rfd1 Be6 17. Be3 b6 18. a3 Rxd1+ 19. Rxd1 Bxc3 20. e5
Rc8 21. Bf4 c4 22. Bg4 Bxg4 23. hxg4 e6 24. Kf1 Bb2 25. Rd7 c3 26. Rxa7 c2 27.
g3 c1=Q+ 28. Bxc1 Rxc1+ 29. Kg2 Bxe5 30. a4 Bd4 31. Rd7 Bc5 32. Rc7 Ra1 33.
Rc8+ Kg7 34. Ra8 Ra2 35. g5 Bxf2 36. Kf3 Be1 37. Rd8 Rxa4 38. Rd1 Ra3+ 39. Ke2
Bxg3 40. Rb1 Bc7 41. Rc1 Bf4 42. Rb1 Bxg5 43. Rxb6 h5 44. Rb1 h4 45. Kf2 Rg3
46. Rh1 Be3+ 47. Ke2 h3 48. Kd3 Bg1+ 49. Ke4 h2 50. Kf4 Re3 51. Kg4 f5+ 52. Kf4
e5+ 53. Kg5 Rf3 54. Rxh2 Bxh2 55. Kh4 e4 56. Kg5 e3 57. Kh4 e2 58. Kg5 Bf4+ 0-1

[Event "4NCL/Div4/LMAO2 vs. AMCAH"]
[Site "West Bromwich ENG"]
[Date "2006.12.02"]
[Round "3.1"]
[White "Iyengar, Ilya"]
[Black "Velasco, Ricardo"]
[Result "1-0"]
[WhiteElo "1815"]
[BlackElo "2040"]
[PlyCount "131"]
[EventDate "2006.12.02"]
[EventType "team"]
[EventRounds "11"]
[EventCountry "ENG"]
[WhiteTeam "London Mstrs 2"]
[BlackTeam "AMCA Hippos"]

1. d4 Nf6 2. Nf3 e6 3. c4 b6 4. g3 Bb7 5. Nc3 Bb4 6. Bg2 O-O 7. O-O Bxc3 8.
bxc3 Ne4 9. Qc2 d5 10. cxd5 exd5 11. Rb1 Nd7 12. a4 Re8 13. a5 Ba6 14. Re1 Nd6
15. Ng5 Nf6 16. axb6 axb6 17. Bf4 Bc4 18. Bxd6 Qxd6 19. e4 Ra2 20. Rb2 Rxb2 21.
Qxb2 h6 22. e5 hxg5 23. Re3 Qd8 24. exf6 Rxe3 25. fxe3 Qxf6 26. Qf2 Qxf2+ 27.
Kxf2 f5 28. Bf3 Kf7 29. Bd1 Bd3 30. Bb3 Ke6 31. Ba4 c5 32. Kf3 g4+ 33. Kf2 b5
34. Bd1 b4 35. cxb4 cxb4 36. Ke1 g5 37. Kd2 Be4 38. Bb3 f4 39. exf4 gxf4 40.
gxf4 Kf5 41. Ke3 Ke6 42. Kd2 Kf6 43. Ke3 Kf5 44. Ba4 Bb1 45. Bb3 Ke6 46. Kd2
Kd6 47. Bd1 Bf5 48. Bb3 Kc6 49. Bc2 Bxc2 50. Kxc2 Kd6 51. Kb3 Ke6 52. Kxb4 Kf5
53. Kc5 Ke4 54. f5 Kxf5 55. Kxd5 Kf4 56. Kc4 Kf3 57. d5 Kg2 58. d6 Kxh2 59. d7
g3 60. d8=Q g2 61. Qh4+ Kg1 62. Kd3 Kf1 63. Qh2 Kf2 64. Ke4 Kf1 65. Kf3 g1=N+
66. Ke3 1-0

[Event "4NCL/Div4/LMAO2 vs. AMCAH"]
[Site "West Bromwich ENG"]
[Date "2006.12.03"]
[Round "3.2"]
[White "Hall, Toby J"]
[Black "Tart, Peter K"]
[Result "1/2-1/2"]
[WhiteElo "1765"]
[BlackElo "1965"]
[PlyCount "39"]
[EventDate "2006.12.02"]
[EventType "team"]
[EventRounds "11"]
[EventCountry "ENG"]
[WhiteTeam "AMCA Hippos"]
[BlackTeam "London Mstrs 2"]

1. d4 e5 2. dxe5 Nc6 3. Nf3 Qe7 4. Nc3 Nxe5 5. Bf4 Nxf3+ 6. gxf3 c6 7. e4 d5 8.
Be2 Qb4 9. Qd2 d4 10. O-O-O Be6 11. Qxd4 Qxd4 12. Rxd4 Bc5 13. Rd2 Bxf2 14. Bc4
Bxc4 15. Rxf2 Ne7 16. Rd2 Rd8 17. Rxd8+ Kxd8 18. Rd1+ Kc8 19. Be5 f6 20. Bg3
1/2-1/2

[Event "4NCL/Div4/LMAO2 vs. AMCAH"]
[Site "West Bromwich ENG"]
[Date "2006.12.02"]
[Round "3.3"]
[White "Tunstall, George"]
[Black "Hall, Toby J"]
[Result "1-0"]
[WhiteElo "1810"]
[BlackElo "1765"]
[PlyCount "73"]
[EventDate "2006.12.02"]
[EventType "team"]
[EventRounds "11"]
[EventCountry "ENG"]
[WhiteTeam "London Mstrs 2"]
[BlackTeam "AMCA Hippos"]

1. d4 d5 2. c4 c6 3. Nc3 dxc4 4. e4 b5 5. Be3 Nf6 6. Be2 e6 7. Nf3 Bb4 8. Qc2
Nbd7 9. O-O Bb7 10. a3 Ba5 11. Bg5 h6 12. Bh4 Qb8 13. Rad1 a6 14. h3 Bxc3 15.
bxc3 Qf4 16. e5 Qe4 17. Qb2 Nd5 18. Rfe1 Qg6 19. Bxc4 Nf4 20. Bg3 Nd5 21. Bd3
f5 22. exf6 Qxf6 23. c4 N5b6 24. c5 Nxc5 25. Qa2 O-O-O 26. dxc5 Nd5 27. Be5 Qf7
28. Be4 Rhg8 29. Qc2 g5 30. Bh7 Rgf8 31. Qg6 Qd7 32. Qxh6 g4 33. hxg4 Rh8 34.
Bxh8 Rxh8 35. Ng5 e5 36. Rxe5 Rxh7 37. Qxh7 1-0

[Event "4NCL/Div4/LMAO2 vs. AMCAH"]
[Site "West Bromwich ENG"]
[Date "2006.12.03"]
[Round "3.4"]
[White "Krishnan, Anand"]
[Black "Rigby-Zeglache, Elyes"]
[Result "1/2-1/2"]
[WhiteElo "1810"]
[BlackElo "1705"]
[PlyCount "150"]
[EventDate "2006.12.02"]
[EventType "team"]
[EventRounds "11"]
[EventCountry "ENG"]
[WhiteTeam "AMCA Hippos"]
[BlackTeam "London Mstrs 2"]

1. c4 e5 2. Nc3 d6 3. g3 g6 4. Bg2 Bg7 5. e3 c6 6. Nge2 f5 7. d4 Nd7 8. Rb1
Ngf6 9. b3 O-O 10. Ba3 Ne8 11. O-O Rf7 12. d5 c5 13. Bb2 a6 14. a4 g5 15. Nc1
f4 16. e4 Nf8 17. g4 Nf6 18. h3 Ng6 19. f3 Nh4 20. Nd3 h5 21. Nf2 Bh8 22. Nd3
Rh7 23. Kf2 Qf8 24. Rh1 Nxg2 25. Kxg2 Qh6 26. Nf2 Bd7 27. Ba3 a5 28. Na2 Kf7
29. Nc1 Bg7 30. Ncd3 Rah8 31. Qd2 b6 32. Rbg1 Qg6 33. Kf1 hxg4 34. hxg4 Rxh1
35. Rxh1 Rxh1+ 36. Nxh1 Qh6 37. Qg2 Qh4 38. Ndf2 Kg6 39. Bc1 Kf7 40. Bd2 Kg6
41. Be1 Qh6 42. Nd3 Ne8 43. Kg1 Nc7 44. Qf1 Ne8 45. Kg2 Nf6 46. Qe2 Kf7 47.
Nhf2 Nh7 48. Nh3 Nf8 49. Bf2 Ng6 50. Qe1 Bf6 51. Nc1 Ke7 52. Nd3 Kf7 53. Ng1
Ke7 54. Ne2 Kf7 55. Nc3 Ke7 56. Nb2 Kf7 57. Nb5 Bxb5 58. cxb5 Ne7 59. Nc4 Nc8
60. Nxa5 bxa5 61. Qxa5 Qf8 62. Qc7+ Kg8 63. b6 Bd8 64. Qxc8 Bxb6 65. Qxf8+ Kxf8
66. Be1 Ke7 67. Kf1 Kd7 68. Ke2 Kc7 69. Kd3 Kb7 70. Bc3 Ka6 71. Kc4 Bc7 72. b4
cxb4 73. Kxb4 Bb8 74. a5 Bc7 75. Kb3 Bb8 1/2-1/2

[Event "4NCL/Div4/LMAO2 vs. AMCAH"]
[Site "West Bromwich ENG"]
[Date "2006.12.02"]
[Round "3.5"]
[White "Shaw, Dashiell"]
[Black "Periasamymanjula, Mani"]
[Result "1-0"]
[WhiteElo "1750"]
[BlackElo "1745"]
[PlyCount "93"]
[EventDate "2006.12.02"]
[EventType "team"]
[EventRounds "11"]
[EventCountry "ENG"]
[WhiteTeam "London Mstrs 2"]
[BlackTeam "AMCA Hippos"]

1. e4 e5 2. Nf3 Nc6 3. Bc4 Nf6 4. d3 h6 5. c3 d5 6. exd5 Nxd5 7. Qb3 Na5 8.
Qa4+ Nc6 9. Nxe5 Qe7 10. Bxd5 Qxe5+ 11. Qe4 Qxe4+ 12. Bxe4 Bd7 13. d4 O-O-O 14.
O-O f5 15. Bxc6 Bxc6 16. Bf4 g5 17. Be5 Rg8 18. Re1 h5 19. Bf6 Rd6 20. Be7 Bxe7
21. Rxe7 f4 22. Nd2 g4 23. Nc4 Rf6 24. Ne5 h4 25. Nxc6 bxc6 26. Rae1 Rff8 27.
Rh7 h3 28. Ree7 Re8 29. Rxc7+ Kb8 30. Rce7 f3 31. g3 a5 32. Rhg7 Rgf8 33. Kf1
Rxe7 34. Rxe7 Rg8 35. Ke1 Ka8 36. Kd2 Rb8 37. b3 Rd8 38. Re5 Kb7 39. Rxa5 Re8
40. Re5 Ra8 41. a4 Kc7 42. Kd3 Kd6 43. Kc4 Ra7 44. Re3 Rb7 45. b4 Ra7 46. a5
Ra6 47. Re4 1-0

[Event "4NCL/Div4/LMAO2 vs. AMCAH"]
[Site "West Bromwich ENG"]
[Date "2006.12.03"]
[Round "3.6"]
[White "Jelicic, Alexander"]
[Black "Upham, John E"]
[Result "1/2-1/2"]
[WhiteElo "1530"]
[BlackElo "1780"]
[PlyCount "32"]
[EventDate "2006.12.02"]
[EventType "team"]
[EventRounds "11"]
[EventCountry "ENG"]
[WhiteTeam "AMCA Hippos"]
[BlackTeam "London Mstrs 2"]

1. d4 d5 2. c4 c6 3. Nc3 dxc4 4. e4 b5 5. a4 b4 6. Na2 Nf6 7. e5 Nd5 8. Bxc4 e6
9. Nf3 Be7 10. Bd2 a5 11. O-O O-O 12. Qc2 Ba6 13. Bxa6 Rxa6 14. Nc1 Qb6 15. Nb3
Rc8 16. Rfc1 Nd7 1/2-1/2

[Event "4NCL/Div4/AMCAH vs. CONQ2"]
[Site "West Bromwich ENG"]
[Date "2006.12.02"]
[Round "3.1"]
[White "Velasco, Ricardo"]
[Black "Archer-Lock, Adrian"]
[Result "1-0"]
[WhiteElo "2040"]
[BlackElo "1760"]
[PlyCount "59"]
[EventDate "2006.12.02"]
[EventType "team"]
[EventRounds "11"]
[EventCountry "ENG"]
[WhiteTeam "AMCA Hippos"]
[BlackTeam "Conquistadors 2"]

1. e4 c6 2. d4 d5 3. Nc3 dxe4 4. Nxe4 Bf5 5. Ng3 Bg6 6. Nf3 Nf6 7. Bc4 e6 8.
Ne5 Nbd7 9. Nxg6 hxg6 10. Bf4 Nd5 11. Bd2 N7f6 12. c3 Qc7 13. Qf3 Bd6 14. O-O-O
b5 15. Bb3 a5 16. Rde1 a4 17. Bc2 a3 18. b4 Nh5 19. Nxh5 Rxh5 20. Rxe6+ Kd8 21.
Rxd6+ Qxd6 22. Qxf7 Rh8 23. Qxg7 Qf8 24. Qb7 Rc8 25. Bg5+ Nf6 26. Bxg6 Rg8 27.
Bf5 Rxg5 28. Qxc8+ Ke7 29. Qc7+ Ke8 30. Re1+ 1-0

[Event "4NCL/Div4/AMCAH vs. CONQ2"]
[Site "West Bromwich ENG"]
[Date "2006.12.03"]
[Round "3.2"]
[White "Tart, Peter K"]
[Black "McFaul, Thomas"]
[Result "1-0"]
[WhiteElo "1965"]
[BlackElo "1775"]
[PlyCount "47"]
[EventDate "2006.12.02"]
[EventType "team"]
[EventRounds "11"]
[EventCountry "ENG"]
[WhiteTeam "Conquistadors 2"]
[BlackTeam "AMCA Hippos"]

1. e4 c5 2. Nc3 d6 3. f4 Nc6 4. Nf3 e6 5. Bc4 Nf6 6. Qe2 Be7 7. d3 Na5 8. Bb5+
Nd7 9. O-O a6 10. Bxd7+ Bxd7 11. e5 d5 12. f5 Nc6 13. Bd2 b5 14. f6 gxf6 15.
exf6 Bxf6 16. Nxd5 Be7 17. Nxe7 Qxe7 18. Ng5 f6 19. Qh5+ Kf8 20. Ne4 f5 21.
Bh6+ Kg8 22. Rf3 Ne5 23. Rg3+ Ng4 24. Rxg4+ 1-0

[Event "4NCL/Div4/AMCAH vs. CONQ2"]
[Site "West Bromwich ENG"]
[Date "2006.12.02"]
[Round "3.3"]
[White "O'Neill, Tom C"]
[Black "Tunstall, George"]
[Result "1-0"]
[WhiteElo "1690"]
[BlackElo "1810"]
[PlyCount "75"]
[EventDate "2006.12.02"]
[EventType "team"]
[EventRounds "11"]
[EventCountry "ENG"]
[WhiteTeam "AMCA Hippos"]
[BlackTeam "Conquistadors 2"]

1. e4 c5 2. Nf3 Nc6 3. d4 cxd4 4. Nxd4 e5 5. Nb5 a6 6. N5c3 Nf6 7. Bg5 Be7 8.
Bxf6 Bxf6 9. Nd5 O-O 10. Nbc3 Be7 11. Qd2 b5 12. O-O-O Bb7 13. Nxe7+ Nxe7 14.
Qxd7 Bc6 15. Qg4 Qc7 16. Be2 Rac8 17. Rd2 b4 18. Nd5 Bxd5 19. exd5 Qd6 20. Rhd1
a5 21. h4 Ra8 22. Bc4 Rfc8 23. h5 f5 24. Qe2 a4 25. g4 b3 26. h6 bxa2 27. Bxa2
a3 28. b3 e4 29. hxg7 Qf6 30. c4 Qa1+ 31. Bb1 Qc3+ 32. Rc2 Qxb3 33. Ba2 Qh3 34.
d6 Nc6 35. c5+ Kxg7 36. Qc4 Qxg4 37. Qf7+ Kh6 38. Qf6+ 1-0

[Event "4NCL/Div4/AMCAH vs. CONQ2"]
[Site "West Bromwich ENG"]
[Date "2006.12.03"]
[Round "3.4"]
[White "Sathiraju, Vijay"]
[Black "Krishnan, Anand"]
[Result "1-0"]
[WhiteElo "1750"]
[BlackElo "1810"]
[PlyCount "133"]
[EventDate "2006.12.02"]
[EventType "team"]
[EventRounds "11"]
[EventCountry "ENG"]
[WhiteTeam "Conquistadors 2"]
[BlackTeam "AMCA Hippos"]

1. d4 d5 2. c4 e6 3. Nf3 Nf6 4. Nc3 Be7 5. Bf4 c6 6. cxd5 exd5 7. h3 Nbd7 8. e3
O-O 9. Be2 Re8 10. O-O h6 11. a4 a5 12. Qc2 Nf8 13. Bh2 Bd6 14. Ne5 Bxe5 15.
Bxe5 N8d7 16. Bh2 Ne4 17. f3 Nxc3 18. Qxc3 Qe7 19. Kf2 Nf6 20. Rfe1 Nh5 21. Bf1
Qh4+ 22. g3 Qd8 23. Qb3 Nf6 24. g4 Nh7 25. Bg3 Ng5 26. Bg2 Ne6 27. h4 Qf6 28.
Rad1 Nf8 29. Rh1 Qe7 30. Bf4 Ne6 31. Bg3 Nd8 32. Rh2 Ne6 33. Qd3 b6 34. f4 Ba6
35. Qc3 Rac8 36. f5 Nxd4 37. Qxd4 c5 38. Qd2 d4 39. e4 d3 40. e5 Qd7 41. Qf4 c4
42. Bf3 Qxa4 43. Rxd3 Qb4 44. Rd2 Rcd8 45. Kg1 Qa4 46. Rxd8 Rxd8 47. Rd2 Rc8
48. Kh2 Qb3 49. Bd1 Qb5 50. Qd4 Qc6 51. Qd5 Qe8 52. g5 hxg5 53. hxg5 Qe7 54. f6
Qb4 55. g6 Rf8 56. gxf7+ Kh8 57. fxg7+ Kxg7 58. Bh4 c3 59. Rg2+ Kh7 60. Bc2+
Kh6 61. Rg6+ Kh7 62. Rxb6+ Kg7 63. Bf6+ Kh6 64. Rxb4 axb4 65. bxc3 bxc3 66. Qg2
Rg8 67. fxg8=N+ 1-0

[Event "4NCL/Div4/AMCAH vs. CONQ2"]
[Site "West Bromwich ENG"]
[Date "2006.12.02"]
[Round "3.5"]
[White "Periasamymanjula, Mani"]
[Black "Winchcombe, Neil"]
[Result "1-0"]
[WhiteElo "1745"]
[BlackElo "1565"]
[PlyCount "79"]
[EventDate "2006.12.02"]
[EventType "team"]
[EventRounds "11"]
[EventCountry "ENG"]
[WhiteTeam "AMCA Hippos"]
[BlackTeam "Conquistadors 2"]

1. e4 Nc6 2. d4 d6 3. Nf3 h6 4. b3 Bd7 5. Bb2 Nf6 6. Bd3 e6 7. O-O Be7 8. d5
Nb4 9. a3 Nxd3 10. Qxd3 a6 11. Nbd2 O-O 12. Rfe1 e5 13. Nf1 Bb5 14. c4 Bd7 15.
Ng3 b6 16. b4 Qc8 17. c5 b5 18. h3 Qd8 19. c6 Bc8 20. a4 bxa4 21. Rxa4 Rb8 22.
Bc3 g6 23. Rb1 Nh7 24. b5 axb5 25. Rxb5 Rxb5 26. Qxb5 Bf6 27. Qb8 Ng5 28. Nxg5
Bxg5 29. Ra7 Bf4 30. Ba5 Bxg3 31. fxg3 Qg5 32. Kh2 Bxh3 33. Qb2 Bg4 34. Bxc7
Qe3 35. Bxd6 Qxa7 36. Bxf8 Kxf8 37. Qxe5 Qf2 38. d6 Kg8 39. d7 Bf3 40. d8=Q+
1-0

[Event "4NCL/Div4/AMCAH vs. CONQ2"]
[Site "West Bromwich ENG"]
[Date "2006.12.03"]
[Round "3.6"]
[White "Upham, John E"]
[Black "Foster, Caroline"]
[Result "1/2-1/2"]
[WhiteElo "1780"]
[BlackElo "1490"]
[PlyCount "41"]
[EventDate "2006.12.02"]
[EventType "team"]
[EventRounds "11"]
[EventCountry "ENG"]
[WhiteTeam "Conquistadors 2"]
[BlackTeam "AMCA Hippos"]

1. d4 e6 2. Nf3 Nf6 3. e3 g6 4. Be2 Bg7 5. O-O d5 6. b3 O-O 7. Bb2 Nbd7 8. Nbd2
Re8 9. Rc1 c6 10. c4 Qc7 11. Re1 Bh6 12. b4 a5 13. b5 c5 14. dxc5 Qxc5 15. cxd5
Qxd5 16. Nb3 Bg7 17. Qc2 e5 18. Red1 Qe6 19. a4 e4 20. Nfd4 Qe5 21. Qc7 1/2-1/2

[Event "4NCL/Div4/OXF2 vs. MET"]
[Site "West Bromwich ENG"]
[Date "2006.12.03"]
[Round "4.1"]
[White "Shaw, David A"]
[Black "Noden, Nicolas"]
[Result "0-1"]
[WhiteElo "2201"]
[BlackElo "2185"]
[PlyCount "112"]
[EventDate "2006.12.03"]
[EventType "team"]
[EventRounds "11"]
[EventCountry "ENG"]
[WhiteTeam "Oxford 2"]
[BlackTeam "Metropolitan"]

1. e4 c5 2. Nf3 d6 3. d4 cxd4 4. Nxd4 Nf6 5. Nc3 a6 6. Be3 e6 7. f3 Be7 8. Qd2
Nc6 9. g4 O-O 10. h4 Nxd4 11. Bxd4 b5 12. O-O-O b4 13. Ne2 e5 14. Be3 Qa5 15.
Kb1 Be6 16. Nc1 Nd7 17. g5 Nc5 18. h5 Rab8 19. Nb3 Qc7 20. g6 a5 21. h6 fxg6
22. hxg7 Rf7 23. Nxc5 dxc5 24. Rxh7 Rxg7 25. Rxg7+ Kxg7 26. Qh2 Rh8 27. Qg3 Bh4
28. Qg1 Qf7 29. Bxc5 Bxa2+ 30. Ka1 Be6 31. Bd6 Bf6 32. Bd3 Qd7 33. Bc5 Qa4+ 34.
Kb1 Qa2+ 35. Kc1 Qa1+ 36. Kd2 Qxb2 37. Ke2 Qc3 38. Be3 Bc4 39. Bd2 Bxd3+ 40.
cxd3 Qd4 41. Be3 Qd7 42. f4 exf4 43. Bxf4 Bd4 44. Qg3 Rh3 45. Be5+ Kh7 46. Qf4
Bxe5 47. Qxe5 a4 48. Qf4 b3 49. Rc1 Qxd3+ 50. Kf2 Rf3+ 51. Qxf3 Qxf3+ 52. Kxf3
b2 53. Rh1+ Kg7 54. e5 a3 55. e6 Kf6 56. Re1 Ke7 0-1

[Event "4NCL/Div4/OXF2 vs. MET"]
[Site "West Bromwich ENG"]
[Date "2006.12.03"]
[Round "4.2"]
[White "Dickson, George"]
[Black "Rawlinson, Aidan"]
[Result "1/2-1/2"]
[WhiteElo "2171"]
[BlackElo "2183"]
[PlyCount "49"]
[EventDate "2006.12.03"]
[EventType "team"]
[EventRounds "11"]
[EventCountry "ENG"]
[WhiteTeam "Metropolitan"]
[BlackTeam "Oxford 2"]

1. e4 c5 2. c3 Nf6 3. e5 Nd5 4. d4 cxd4 5. Nf3 e6 6. cxd4 d6 7. Be2 Nc6 8. O-O
Be7 9. Nc3 O-O 10. Nxd5 exd5 11. Bf4 Be6 12. Qd2 Rc8 13. Rac1 dxe5 14. Nxe5
Nxe5 15. Bxe5 Qb6 16. Bd3 Bd6 17. Bxd6 Qxd6 18. f4 f6 19. Rc2 Rxc2 20. Bxc2 Rc8
21. f5 Bf7 22. Bb3 Re8 23. Ba4 Re4 24. Bc2 Re8 25. Ba4 1/2-1/2

[Event "4NCL/Div4/OXF2 vs. MET"]
[Site "West Bromwich ENG"]
[Date "2006.12.03"]
[Round "4.3"]
[White "Dickinson, Timothy R"]
[Black "Fogarasi, Norbert"]
[Result "1/2-1/2"]
[WhiteElo "2206"]
[BlackElo "2194"]
[PlyCount "59"]
[EventDate "2006.12.03"]
[EventType "team"]
[EventRounds "11"]
[EventCountry "ENG"]
[WhiteTeam "Oxford 2"]
[BlackTeam "Metropolitan"]

1. e4 c5 2. c3 e6 3. d4 d5 4. Nd2 Nc6 5. Ngf3 cxd4 6. cxd4 Qb6 7. exd5 exd5 8.
Qb3 Qxb3 9. Nxb3 Nf6 10. Bb5 Bb4+ 11. Bd2 Bxd2+ 12. Kxd2 Ne4+ 13. Ke3 Bd7 14.
Bxc6 Bxc6 15. Ne5 f6 16. Nxc6 bxc6 17. Rac1 Rc8 18. Rc2 Kd7 19. f3 Nd6 20. Nc5+
Ke7 21. Re1 Rhe8 22. Kd3+ Kf7 23. Rxe8 Rxe8 24. b3 Nf5 25. Rf2 Re3+ 26. Kd2 Re8
27. Kd3 Re3+ 28. Kd2 Re8 29. Kc3 Re3+ 30. Kd2 1/2-1/2

[Event "4NCL/Div4/OXF2 vs. MET"]
[Site "West Bromwich ENG"]
[Date "2006.12.03"]
[Round "4.4"]
[White "Calvert, D Ian"]
[Black "Scott, David A"]
[Result "1-0"]
[WhiteElo "2064"]
[BlackElo "2110"]
[PlyCount "71"]
[EventDate "2006.12.03"]
[EventType "team"]
[EventRounds "11"]
[EventCountry "ENG"]
[WhiteTeam "Metropolitan"]
[BlackTeam "Oxford 2"]

1. b3 d5 2. Bb2 Nf6 3. Nf3 Bg4 4. e3 Nbd7 5. d4 e6 6. Be2 Be7 7. Nbd2 O-O 8.
O-O c5 9. h3 Bxf3 10. Bxf3 cxd4 11. exd4 b5 12. c4 bxc4 13. bxc4 Rb8 14. Qc2
dxc4 15. Nxc4 Qc7 16. Rfc1 Rfc8 17. Qe2 Qd8 18. Ne5 Qb6 19. Rxc8+ Rxc8 20. Nxd7
Nxd7 21. d5 Bc5 22. dxe6 fxe6 23. Bg4 Nf8 24. Re1 Bb4 25. Qe5 Rc7 26. Bd4 Qa5
27. Bxe6+ Kh8 28. Qxa5 Bxa5 29. Re2 h5 30. Bb3 Rc1+ 31. Kh2 Bc7+ 32. Be5 Bb6
33. Bb2 Rf1 34. Re7 Rxf2 35. Bxg7+ Kh7 36. Bxf8+ 1-0

[Event "4NCL/Div4/OXF2 vs. MET"]
[Site "West Bromwich ENG"]
[Date "2006.12.03"]
[Round "4.5"]
[White "Ludbrook, Matt"]
[Black "Fegan, Chris"]
[Result "0-1"]
[WhiteElo "2058"]
[BlackElo "2058"]
[PlyCount "50"]
[EventDate "2006.12.03"]
[EventType "team"]
[EventRounds "11"]
[EventCountry "ENG"]
[WhiteTeam "Oxford 2"]
[BlackTeam "Metropolitan"]

1. e4 d6 2. Nc3 Nf6 3. g3 Bg4 4. f3 Bd7 5. Bg2 g6 6. d3 Bg7 7. Be3 O-O 8. Qd2
c5 9. Bh6 b5 10. h4 Nc6 11. Bxg7 Kxg7 12. Nxb5 Rb8 13. c4 Ne5 14. Nc3 Rxb2 15.
Qe3 Rxg2 16. Nce2 Nh5 17. g4 Bxg4 18. Kf1 Rg3 19. Nxg3 Nxg3+ 20. Kg2 Nxh1 21.
Kxh1 Bh5 22. Rd1 e6 23. Qf2 f5 24. d4 cxd4 25. Qxd4 Qxh4+ 0-1

[Event "4NCL/Div4/OXF2 vs. MET"]
[Site "West Bromwich ENG"]
[Date "2006.12.03"]
[Round "4.6"]
[White "Djabri, Zafer M"]
[Black "Bruce, Dave"]
[Result "0-1"]
[WhiteElo "2059"]
[BlackElo "2025"]
[PlyCount "68"]
[EventDate "2006.12.03"]
[EventType "team"]
[EventRounds "11"]
[EventCountry "ENG"]
[WhiteTeam "Metropolitan"]
[BlackTeam "Oxford 2"]

1. c4 Nf6 2. Nc3 g6 3. g3 Bg7 4. Bg2 d6 5. d3 Nc6 6. e4 O-O 7. Nge2 e5 8. O-O
Nh5 9. Rb1 f5 10. exf5 Bxf5 11. h3 Be6 12. Nd5 Qd7 13. Kh2 Rf7 14. Be3 Nd4 15.
f4 Nxe2 16. Qxe2 Re8 17. f5 Bxf5 18. g4 Nf4 19. Qd2 Bxg4 20. hxg4 Qxg4 21. Nxf4
exf4 22. Bd5 Qg3+ 23. Kh1 Rxe3 24. Rbe1 Qh4+ 25. Qh2 Rh3 26. Re8+ Bf8 27. Bxf7+
Kg7 28. Rf2 Be7 29. Rxe7 Rxh2+ 30. Rxh2 Qxe7 31. Bd5 Qe1+ 32. Kg2 Qg3+ 33. Kh1
f3 34. Bxb7 Qe1# 0-1